Guess this Kanye Song (NO hints) #1 - Statistics

General Stats
  • This quiz has been taken 59 times
  • The average score is 21 of 46
Answer Stats
Lyrics Lyrics Lyrics Lyrics % Correct
famous his i hard
80%
famous seem payment die.
80%
i ain't Marina the
70%
i the estate vibe
70%
i but her try
70%
taylor they in eyes
59%
me mad that the
57%
me they coastin' in
57%
the Kanye we
57%
and mad she my
52%
sex man a felt
52%
have her be and
50%
might still school woke
50%
still nameless to up
50%
that why parade up
50%
that tryna last matter
50%
that just the never
50%
that but we
50%
all give be personal
48%
all get and
48%
bitch try month how
48%
bitch can't car gonna
48%
made store agent no
48%
made he with we
48%
best they Benz sky
44%
feel famous Del sun
43%
know they floating in
43%
like goddamn Rey is
43%
why in real the
43%
for streets i over
39%
for to young
39%
niggas best they one
39%
my 'em puerto debt
35%
southside Kanye's rican put
35%
kanye famous i
33%
you we a
33%
in famous fly
31%
west goddamn just
30%
from hood die
28%
girls fresh alive
28%
goddamn best helped they
26%
if yeah copped
26%
dick still gonna
24%
got we never
24%
see still jet
20%
'em hood to
19%
No matching quizzes found
Score Distribution
Percent of People with Each Score
Percentile by Number Answered
Your Score History
You have not taken this quiz